000 00514nam a2200181Ia 4500
008 090711s9999 xx 000 0 und d
082 _b808
100 _aओशो
245 _aध्यानसूत्र
260 _bमहेता पब्लिकेशन हाऊस
_c1999
300 _a180
600 _aओशो
630 _aध्यानसूत्र
700 _aओशो
700 _aकर्वे माधव
730 _aध्यानसूत्र
942 _cBOOK
999 _c335792
_d335792